[Event "Ljubljana op"]
[Site "Ljubljana"]
[Date "2024.04.27"]
[Round "1"]
[White "Herega, Nejc"]
[Black "Cizman, Gregor"]
[Result "1-0"]
[WhiteElo "2187"]
[BlackElo "1702"]
[PlyCount "51"]
[EventDate "2024.04.27"]
[EventType "swiss"]
[EventRounds "9"]
[EventCountry "SLO"]
[SourceTitle "CB19_2024"]
[SourceDate "2024.05.08"]
[SourceVersion "1"]
[SourceVersionDate "2024.05.08"]
[SourceQuality "1"]

1. d4 d5 2. Nf3 Nf6 3. Bf4 c6 4. Nbd2 e6 5. e3 Bd6 6. Bd3 Qc7 7. Ne5 Nbd7 8. Ndf3 a6 9. c3 0-0 10. 0-0 Re8 11. Rc1 b5 12. b3 Nh5 13. Bxh7+ Kf8 14. Bd3 Nxf4 15. exf4 Be7 16. Re1 Nxe5 17. Nxe5 Bb7 18. Qh5 Bf6 19. f5 Kg8 20. fxe6 Bxe5 21. Qh7+ Kf8 22. e7+ Kxe7 23. Rxe5+ Kd6 24. Qxg7 Rg8 25. Qf6+ Kd7 26. Bf5# 1-0

[Event "Teplice op"]
[Site "Teplice"]
[Date "2023.06.16"]
[Round "7"]
[White "Herega, Nejc"]
[Black "Grabinsky, Aaron"]
[Result "0-1"]
[WhiteElo "2142"]
[BlackElo "2407"]
[PlyCount "88"]
[EventDate "2023.06.10"]
[EventType "swiss"]
[EventRounds "9"]
[EventCountry "CZE"]
[SourceTitle "CBM 214 Extra"]
[Source "ChessBase"]
[SourceDate "2023.07.31"]
[SourceVersion "1"]
[SourceVersionDate "2023.07.31"]
[SourceQuality "1"]

1. d4 Nf6 2. c4 e6 3. Nc3 Bb4 4. e3 0-0 5. Bd3 d5 6. cxd5 exd5 7. Nge2 Re8 8. 0-0 b6 9. Nf4 c6 10. a3 Bd6 11. b4 Ba6 12. b5 cxb5 13. Nxb5 Bxf4 14. exf4 Qd7 15. a4 Nc6 16. f5 Nb4 17. Bb1 Bxb5 18. axb5 Qxb5 19. Ra3 Qe2 20. Qb3 Rac8 21. Bg5 h6 22. Qxb4 hxg5 23. Bd3 Qe7 24. Qb2 Rc7 25. h3 Qd6 26. Rfa1 g4 27. Bb5 Rec8 28. Qd2 Ne4 29. Qe3 gxh3 30. gxh3 Rc3 31. Rxc3 Rxc3 32. Bd3 a5 33. Rc1 Qc7 34. Rxc3 Qxc3 35. f6 g6 36. Qf3 Qa1+ 37. Kh2 Qxd4 38. Bxe4 dxe4 39. Qf4 a4 40. h4 Kh7 41. h5 gxh5 42. Qg5 Qxf2+ 43. Kh1 Qf3+ 44. Kh2 Qg4 0-1

[Event "Nova Gorica op 27th"]
[Site "Nova Gorica"]
[Date "2023.03.20"]
[Round "6"]
[White "Kodric, Gasper"]
[Black "Herega, Nejc"]
[Result "0-1"]
[WhiteElo "2054"]
[BlackElo "2214"]
[PlyCount "94"]
[EventDate "2023.03.16"]
[EventType "swiss"]
[EventRounds "9"]
[EventCountry "SLO"]
[SourceTitle "CBM 213 Extra"]
[Source "ChessBase"]
[SourceDate "2023.05.31"]
[SourceVersion "1"]
[SourceVersionDate "2023.05.31"]
[SourceQuality "1"]

1. c4 Nf6 2. g3 c5 3. Nf3 g6 4. Bg2 Bg7 5. Nc3 Nc6 6. d4 cxd4 7. Nxd4 0-0 8. 0-0 d6 9. Nxc6 bxc6 10. Bxc6 Bh3 11. Bg2 Bxg2 12. Kxg2 Qc7 13. Qd3 Rfc8 14. Bd2 Qxc4 15. Qxc4 Rxc4 16. Rac1 Ne4 17. Rfd1 Nxd2 18. Rxd2 Rac8 19. Rd3 f5 20. e3 Kf7 21. Kf1 a5 22. Ke2 a4 23. Kd2 Rb8 24. Rb1 Rbc8 25. Rc1 R4c7 26. b4 axb3 27. axb3 Rb7 28. Ne2 Rcb8 29. Rb1 Ra8 30. Nc1 Rc7 31. Ke2 Rac8 32. Na2 Ra8 33. Nc1 Bc3 34. Kf3 Bb4 35. Rd4 Bc3 36. Rc4 Rxc4 37. bxc4 Rc8 38. Ne2 Be5 39. Rc1 Ke6 40. Nd4+ Kd7 41. Nb3 Rb8 42. Rb1 Kc7 43. Nd2 Rxb1 44. Nxb1 Kc6 45. Ke2 Kc5 46. Kd3 g5 47. f4 Bf6 0-1

[Event "EU-ch Blitz"]
[Site "Katowice"]
[Date "2022.12.16"]
[Round "14"]
[White "Herega, Nejc"]
[Black "Plaskan, Jure"]
[Result "1/2-1/2"]
[WhiteElo "2164"]
[BlackElo "2241"]
[PlyCount "180"]
[EventDate "2022.12.16"]
[EventType "swiss (blitz)"]
[EventRounds "22"]
[EventCountry "POL"]
[SourceTitle "CBM 211 Extra"]
[Source "ChessBase"]
[SourceDate "2023.01.31"]
[SourceVersion "1"]
[SourceVersionDate "2023.01.31"]
[SourceQuality "1"]

1. Nf3 Nf6 2. c4 e6 3. g3 d5 4. d4 Bb4+ 5. Bd2 a5 6. Bg2 0-0 7. a3 Be7 8. 0-0 dxc4 9. a4 Bd7 10. Qc2 Bc6 11. Qxc4 Nbd7 12. Nc3 Nb6 13. Qb3 Ne4 14. Bf4 Bd6 15. Ne5 Bxe5 16. dxe5 Nxc3 17. bxc3 Bxg2 18. Kxg2 Qd5+ 19. Qxd5 Nxd5 20. c4 Nxf4+ 21. gxf4 Rfd8 22. Rfd1 b6 23. Rac1 Kf8 24. e3 Ke7 25. c5 Rxd1 26. Rxd1 bxc5 27. Rc1 Ra6 28. Rxc5 c6 29. e4 Kd7 30. f5 Kc7 31. f4 Kb6 32. Rc2 exf5 33. exf5 Ra7 34. Kf3 c5 35. Rd2 c4 36. Ke4 Kc5 37. Rc2 g6 38. f6 Rd7 39. e6 fxe6 40. Ke5 Rd5+ 41. Kxe6 Rf5 42. Rb2 c3 43. Rb5+ Kc6 44. Rxf5 c2 45. f7 c1Q 46. f8Q Qc4+ 47. Ke7 Qb4+ 48. Ke8 gxf5 49. Qf6+ Kb7 50. Qf7+ Kc6 51. Qxf5 Qb8+ 52. Ke7 Qc7+ 53. Kf8 Qd8+ 54. Kg7 Qc7+ 55. Kh6 Qd6+ 56. Kxh7 Qd2 57. Qg6+ Kc5 58. Qg5+ Kb4 59. Qb5+ Ka3 60. f5 Qxh2+ 61. Kg6 Qg3+ 62. Kf7 Qc7+ 63. Ke6 Qc8+ 64. Ke5 Qc7+ 65. Ke4 Qe7+ 66. Kd4 Qf6+ 67. Kc4 Qf7+ 68. Qd5 Qh5 69. Qxa5 Qe2+ 70. Kc5 Qf2+ 71. Kd6 Qd4+ 72. Kc6 Qf6+ 73. Kd7 Qf7+ 74. Kc8 Qf8+ 75. Kb7 Qf7+ 76. Ka6 Qf6+ 77. Kb7 Qf7+ 78. Kc6 Qf6+ 79. Kb7 Qf7+ 80. Qc7 Qxf5 81. a5 Qb5+ 82. Ka7 Ka4 83. a6 Qd5 84. Qc2+ Ka5 85. Qc3+ Kb5 86. Qb2+ Ka5 87. Qa3+ Kb5 88. Qe7 Qd4+ 89. Kb7 Qd5+ 90. Kc7 Kxa6 1/2-1/2

[Event "EU-ch Blitz"]
[Site "Katowice"]
[Date "2022.12.16"]
[Round "3"]
[White "Herega, Nejc"]
[Black "Sargsyan, Shant"]
[Result "0-1"]
[WhiteElo "2164"]
[BlackElo "2645"]
[PlyCount "118"]
[EventDate "2022.12.16"]
[EventType "swiss (blitz)"]
[EventRounds "22"]
[EventCountry "POL"]
[SourceTitle "CBM 211 Extra"]
[Source "ChessBase"]
[SourceDate "2023.01.31"]
[SourceVersion "1"]
[SourceVersionDate "2023.01.31"]
[SourceQuality "1"]

1. d4 Nf6 2. Nf3 d5 3. c4 e6 4. Nc3 h6 5. Bf4 Bb4 6. e3 c5 7. a3 Bxc3+ 8. bxc3 Qa5 9. Qc2 Nc6 10. Bd3 dxc4 11. Bxc4 cxd4 12. exd4 b6 13. 0-0 Ba6 14. Bxa6 Qxa6 15. Ne5 Rc8 16. Nxc6 Rxc6 17. Be5 Qc4 18. Rac1 Ke7 19. Rfe1 Rhc8 20. Qd2 Qd5 21. Bxf6+ gxf6 22. Re3 Rc4 23. h3 Rg8 24. f4 h5 25. Rce1 Ra4 26. Qf2 Rxa3 27. R1e2 Ra1+ 28. Kh2 Qf5 29. c4 Ra4 30. Rc2 Rc8 31. Qe2 Qxf4+ 32. g3 Qf5 33. d5 e5 34. Rd3 Rd8 35. Qd2 Ra5 36. d6+ Ke8 37. Rd5 Rxd5 38. cxd5 Rxd6 39. Rc7 Rd7 40. Rc8+ Rd8 41. Rc7 h4 42. Qb4 hxg3+ 43. Kxg3 Qf4+ 44. Qxf4 exf4+ 45. Kxf4 Rxd5 46. Rxa7 Rh5 47. Kg4 Rg5+ 48. Kf4 Rh5 49. Kg4 Rb5 50. h4 Kf8 51. Rc7 Kg7 52. Rc4 Rc5 53. Rb4 b5 54. Kg3 Kg6 55. Kh3 Kh5 56. Kg3 f5 57. Kf4 Rc4+ 58. Rxc4 bxc4 59. Kxf5 c3 0-1

[Event "Nova Gorica op-A 26th"]
[Site "Nova Gorica"]
[Date "2022.09.19"]
[Round "6"]
[White "Herega, Nejc"]
[Black "Vicic, Mark"]
[Result "1-0"]
[WhiteElo "2146"]
[BlackElo "1641"]
[PlyCount "38"]
[EventDate "2022.09.16"]
[EventType "swiss"]
[EventRounds "9"]
[EventCountry "SLO"]
[SourceTitle "CBM 210 Extra"]
[Source "ChessBase"]
[SourceDate "2022.11.30"]
[SourceVersion "1"]
[SourceVersionDate "2022.11.30"]
[SourceQuality "1"]

1. Nf3 Nf6 2. c4 c5 3. Nc3 Nc6 4. d4 cxd4 5. Nxd4 d5 6. cxd5 Nxd5 7. Nxc6 bxc6 8. Bd2 e5 9. g3 Be6 10. Bg2 Be7 11. Qa4 Qd7 12. 0-0 0-0 13. Rfd1 Rfd8 14. a3 Qb7 15. b4 Rac8 16. Ne4 Nf6 17. Be3 a6 18. Rxd8+ Bxd8 19. Nd6 Nd5 1-0

[Event "Nova Gorica op-A 26th"]
[Site "Nova Gorica"]
[Date "2022.09.17"]
[Round "3"]
[White "Herega, Nejc"]
[Black "Sharan, Rao"]
[Result "0-1"]
[WhiteElo "2146"]
[BlackElo "2312"]
[PlyCount "66"]
[EventDate "2022.09.16"]
[EventType "swiss"]
[EventRounds "9"]
[EventCountry "SLO"]
[SourceTitle "CBM 210 Extra"]
[Source "ChessBase"]
[SourceDate "2022.11.30"]
[SourceVersion "1"]
[SourceVersionDate "2022.11.30"]
[SourceQuality "1"]

1. d4 d5 2. c4 e6 3. Nc3 Nf6 4. Nf3 c6 5. e3 Nbd7 6. Qc2 Bd6 7. g4 h6 8. Rg1 e5 9. h3 e4 10. Nh4 g6 11. Bd2 a6 12. 0-0-0 b5 13. f3 exf3 14. Nxf3 bxc4 15. e4 Bb4 16. exd5 Bxc3 17. Bxc3 cxd5 18. Bb4 Nf8 19. Re1+ Ne6 20. Ne5 Qb6 21. Bc5 Qa5 22. Bxc4 dxc4 23. Qg2 Qc7 24. Qxa8 Nxc5 25. Nxg6+ Kd8 26. Nxh8 Qf4+ 27. Kb1 Qxd4 28. Nxf7+ Kc7 29. Ne5 Bb7 30. Qf8 Be4+ 31. Ka1 Qxe5 32. Rc1 Nfd7 33. Qxh6 Nb3+ 0-1

[Event "EU-chT U18"]
[Site "Thessaloniki"]
[Date "2022.07.16"]
[Round "5.6"]
[White "Subelj, Jan"]
[Black "Herega, Nejc"]
[Result "1-0"]
[WhiteElo "2498"]
[BlackElo "2160"]
[PlyCount "67"]
[EventDate "2022.07.12"]
[EventType "team-swiss"]
[EventRounds "7"]
[EventCountry "GRE"]
[SourceTitle "CBM 209 Extra"]
[Source "ChessBase"]
[SourceDate "2022.09.30"]
[SourceVersion "1"]
[SourceVersionDate "2022.09.30"]
[SourceQuality "1"]
[WhiteTeam "Slovenia U18"]
[BlackTeam "Slovenia U18 II"]
[WhiteTeamCountry "SLO"]
[BlackTeamCountry "SLO"]

1. e4 c5 2. Nf3 d6 3. Bb5+ Bd7 4. c4 Nf6 5. Nc3 g6 6. 0-0 Bg7 7. d4 cxd4 8. Nxd4 Nc6 9. Bxc6 bxc6 10. Nf3 Qa5 11. Bd2 0-0 12. h3 Qc7 13. Bf4 e5 14. Be3 Be6 15. b3 Rfd8 16. Rc1 Qe7 17. Qe2 Bc8 18. Rfd1 Bb7 19. Bg5 h6 20. Bxf6 Bxf6 21. Rd3 Rd7 22. Rcd1 Rad8 23. Qe3 Kg7 24. Qxa7 d5 25. Qb6 dxc4 26. Rxd7 Rxd7 27. Rxd7 Qxd7 28. bxc4 Bc8 29. Kh2 g5 30. Ne2 Qd3 31. Ng3 Qxc4 32. Nh5+ Kg6 33. Nxf6 Kxf6 34. Qd8+ 1-0

[Event "EU-chT U18"]
[Site "Thessaloniki"]
[Date "2022.07.12"]
[Round "1.4"]
[White "Herega, Nejc"]
[Black "Borhy, Marcell Boldizsar"]
[Result "1/2-1/2"]
[WhiteElo "2160"]
[BlackElo "2411"]
[PlyCount "85"]
[EventDate "2022.07.12"]
[EventType "team-swiss"]
[EventRounds "7"]
[EventCountry "GRE"]
[SourceTitle "CBM 209 Extra"]
[Source "ChessBase"]
[SourceDate "2022.09.30"]
[SourceVersion "1"]
[SourceVersionDate "2022.09.30"]
[SourceQuality "1"]
[WhiteTeam "Slovenia U18 II"]
[BlackTeam "Hungary U18"]
[WhiteTeamCountry "SLO"]
[BlackTeamCountry "HUN"]

1. d4 Nf6 2. c4 e6 3. Nc3 Bb4 4. e3 0-0 5. Bd3 c5 6. Nge2 d5 7. cxd5 cxd4 8. exd4 Nxd5 9. 0-0 Nc6 10. Nxd5 Qxd5 11. Be3 Qh5 12. Rc1 Bd6 13. Ng3 Qxd1 14. Rfxd1 Nb4 15. Bc4 b5 16. Bxb5 Nxa2 17. Rc6 Rd8 18. Ne4 Bf8 19. Rc7 Nb4 20. Bg5 Rd5 21. Be8 Rf5 22. g4 Nd5 23. gxf5 Nxc7 24. Bc6 Rb8 25. Bf4 Rb6 26. Rc1 Na6 27. fxe6 fxe6 28. Bd6 Bxd6 29. Nxd6 Bd7 30. Bxd7 Rxd6 31. Bb5 Nb4 32. Rc8+ Kf7 33. Rc7+ Kf6 34. Rxa7 Rxd4 35. Be8 Rg4+ 36. Kf1 Nd3 37. Rf7+ Ke5 38. b3 Nc5 39. Ba4 g5 40. Rxh7 Rf4 41. Rc7 Nxa4 42. bxa4 Rxa4 43. Rc5+ 1/2-1/2

[Event "Novi Sad Serbia op-A"]
[Site "Novi Sad"]
[Date "2022.07.01"]
[Round "4"]
[White "Maltsevskaya, Aleksandra"]
[Black "Herega, Nejc"]
[Result "1-0"]
[WhiteElo "2378"]
[BlackElo "2173"]
[PlyCount "169"]
[EventDate "2022.06.28"]
[EventType "swiss"]
[EventRounds "9"]
[EventCountry "SRB"]
[SourceTitle "EXT 2023"]
[Source "ChessBase"]
[SourceDate "2022.10.05"]
[SourceVersion "1"]
[SourceVersionDate "2022.10.05"]
[SourceQuality "1"]

1. e4 c5 2. Nf3 d6 3. Bb5+ Bd7 4. Bxd7+ Nxd7 5. 0-0 Ngf6 6. Re1 e6 7. c3 Be7 8. d4 0-0 9. e5 Nd5 10. c4 N5b6 11. dxc5 Nxc5 12. exd6 Qxd6 13. Qxd6 Bxd6 14. b3 Be7 15. Ba3 Rfd8 16. Nc3 Bf6 17. Rec1 Nd3 18. Rc2 a5 19. Rb1 a4 20. Nb5 axb3 21. axb3 Ne5 22. Nxe5 Bxe5 23. g3 h6 24. Kf1 g5 25. Ke2 Kg7 26. Be7 Rdc8 27. Rd2 Ra6 28. Ke3 Kg6 29. f4 Bg7 30. Rbd1 Rxc4 31. bxc4 Nxc4+ 32. Kd3 Nxd2 33. Rxd2 Ra5 34. Kc4 gxf4 35. Bb4 Ra4 36. gxf4 Bf8 37. Nd6 Bxd6 38. Rxd6 Kf5 39. Rd7 f6 40. Rf7 Kg6 41. Rf8 Ra2 42. Bc3 Ra4+ 43. Bb4 Ra2 44. Kd3 Rxh2 45. Be7 Rh3+ 46. Ke2 Kf5 47. Rxf6+ Ke4 48. Bd6 Rh2+ 49. Ke1 Kd5 50. Be5 h5 51. Kf1 h4 52. Rf7 b5 53. Rb7 Kc4 54. Rb6 h3 55. Kg1 Rg2+ 56. Kh1 Rg6 57. Kh2 Rh6 58. Bg7 Rh4 59. Be5 Rh6 60. Bd6 Kd5 61. Bb8 Kc5 62. Ba7 Kc4 63. Rc6+ Kd3 64. Bb8 Rh8 65. Bd6 Rh7 66. Bb4 Rf7 67. Bd6 Rb7 68. Be5 b4 69. Rxe6 Ke4 70. Kg3 Rh7 71. Bb2+ Kd3 72. Kh2 Rh4 73. Be5 Rh5 74. Rd6+ Kc2 75. Rc6+ Kd3 76. Rc7 Rh6 77. Rg7 b3 78. Rg3+ Kc4 79. Rc3+ Kb4 80. Rxh3 Rc6 81. Kg3 Ka3 82. Rh8 Ka2 83. Rb8 Re6 84. f5 Rxe5 85. Kf4 1-0

[Event "Veliko Gradiste Silver Lake op-A"]
[Site "Veliko Gradiste"]
[Date "2022.06.25"]
[Round "8"]
[White "Lever, Erwan"]
[Black "Herega, Nejc"]
[Result "0-1"]
[WhiteElo "2209"]
[BlackElo "2173"]
[PlyCount "90"]
[EventDate "2022.06.19"]
[EventType "swiss"]
[EventRounds "9"]
[EventCountry "SRB"]
[SourceTitle "CBM 209 Extra"]
[Source "ChessBase"]
[SourceDate "2022.09.30"]
[SourceVersion "1"]
[SourceVersionDate "2022.09.30"]
[SourceQuality "1"]

1. d4 Nf6 2. c4 g6 3. Nc3 d5 4. e3 Bg7 5. cxd5 Nxd5 6. Nxd5 Qxd5 7. Ne2 0-0 8. Nc3 Qd8 9. Be2 c6 10. 0-0 e5 11. d5 cxd5 12. Qxd5 Nc6 13. Rd1 Qb6 14. Qb5 Be6 15. Bd2 Rfd8 16. Ne4 Bf5 17. Qxb6 axb6 18. Bf3 Rd3 19. Bc3 Rxd1+ 20. Rxd1 Rxa2 21. g4 Be6 22. g5 Ra8 23. Nf6+ Bxf6 24. gxf6 Kf8 25. Kg2 Ke8 26. Kg3 Rd8 27. Ra1 Bd5 28. Bg4 h5 29. Bh3 Be4 30. Kh4 Bf3 31. Kg3 Bd5 32. f4 exf4+ 33. Kxf4 Be6 34. Bxe6 fxe6 35. Ra3 b5 36. Rb3 Rd5 37. e4 Rc5 38. Bb4 g5+ 39. Ke3 Nxb4 40. Rxb4 Kf7 41. Rd4 Kxf6 42. Rd2 Ke5 43. h3 Rc4 44. Rd7 Rxe4+ 45. Kd2 Rd4+ 0-1

[Event "Veliko Gradiste Silver Lake op-A"]
[Site "Veliko Gradiste"]
[Date "2022.06.20"]
[Round "3"]
[White "Herega, Nejc"]
[Black "Botea, David Alexandru"]
[Result "1-0"]
[WhiteElo "2173"]
[BlackElo "1888"]
[PlyCount "67"]
[EventDate "2022.06.19"]
[EventType "swiss"]
[EventRounds "9"]
[EventCountry "SRB"]
[SourceTitle "CBM 209 Extra"]
[Source "ChessBase"]
[SourceDate "2022.09.30"]
[SourceVersion "1"]
[SourceVersionDate "2022.09.30"]
[SourceQuality "1"]

1. d4 d5 2. c4 e6 3. Nc3 a6 4. g3 dxc4 5. Bg2 Nf6 6. a4 Bb4 7. Nf3 Nc6 8. 0-0 Rb8 9. Be3 Nd5 10. Bd2 0-0 11. Qc2 b5 12. axb5 axb5 13. e4 Nde7 14. Be3 Ng6 15. h4 f5 16. exf5 exf5 17. Ng5 Nxd4 18. Bxd4 Qxd4 19. Rfd1 Qc5 20. Qe2 c6 21. Qh5 h6 22. Qxg6 hxg5 23. hxg5 f4 24. gxf4 Bf5 25. Qh5 Bxc3 26. g6 Rf6 27. Qh7+ Kf8 28. Qh8+ Ke7 29. Qxb8 Bd4 30. Qc7+ Bd7 31. Re1+ Re6 32. Rxe6+ Kxe6 33. Bh3+ Kf6 34. Qxd7 1-0

[Event "EU-ch 22nd"]
[Site "Terme Catez"]
[Date "2022.04.04"]
[Round "9"]
[White "Herega, Nejc"]
[Black "Dubnevych, Maksym"]
[Result "1-0"]
[WhiteElo "2185"]
[BlackElo "2065"]
[PlyCount "99"]
[EventDate "2022.03.27"]
[EventType "swiss"]
[EventRounds "11"]
[EventCountry "SLO"]
[SourceTitle "CBM 208"]
[Source "ChessBase"]
[SourceDate "2022.06.30"]
[SourceVersion "1"]
[SourceVersionDate "2022.06.30"]
[SourceQuality "1"]

1. Nf3 Nf6 2. c4 e6 3. g3 d5 4. Bg2 Be7 5. d4 0-0 6. Nc3 c6 7. 0-0 b6 8. b3 Bb7 9. Qc2 Na6 10. Rd1 Rc8 11. Bf4 c5 12. dxc5 bxc5 13. Ne5 Qa5 14. Rac1 Ba8 15. cxd5 Nb4 16. Qd2 exd5 17. Na4 Qb5 18. Nd3 Nxd3 19. Qxd3 c4 20. Qf5 Qa6 21. Nc3 Ba3 22. Rc2 cxb3 23. axb3 Qe6 24. Qd3 Rcd8 25. Nb5 Be7 26. Nxa7 Ne4 27. Nb5 Nc5 28. Nc7 Qd7 29. Qf3 Bb7 30. Nxd5 Qe6 31. e4 Bd6 32. Be3 Nd7 33. Qe2 Ra8 34. Nc7 Bxc7 35. Rxc7 Ba6 36. Qc2 Ne5 37. h3 Rab8 38. f4 Ng6 39. f5 Qxb3 40. Qxb3 Rxb3 41. Bc5 Re8 42. fxg6 hxg6 43. Rdd7 Bc4 44. Kh2 Ra8 45. Rd2 Be6 46. Bf2 Ra1 47. h4 Bg4 48. Rd8+ Kh7 49. Rxf7 Ra2 50. Bd4 1-0